<?xml version="1.0" encoding="UTF-8"?>
<marc:record xmlns:marc="http://www.loc.gov/MARC21/slim">
   <marc:leader>00000nam a2200000 a 4500</marc:leader>
   <marc:datafield ind1="1" ind2=" " tag="100">
      <marc:subfield code="a">Neumayer, Lilo</marc:subfield>
      <marc:subfield code="4">aut</marc:subfield>
      <marc:subfield code="e">Verfasser/-in</marc:subfield>
   </marc:datafield>
   <marc:datafield ind1="0" ind2="0" tag="245">
      <marc:subfield code="a">Eselweihnacht</marc:subfield>
   </marc:datafield>
   <marc:datafield ind1="0" ind2="0" tag="245">
      <marc:subfield code="b">als das Christkind zu Eselchen Mimi kam</marc:subfield>
   </marc:datafield>
   <marc:datafield ind1=" " ind2="1" tag="264">
      <marc:subfield code="c">2019</marc:subfield>
   </marc:datafield>
   <marc:datafield ind1="1" ind2=" " tag="520">
      <marc:subfield code="a">Auf dem Bauernhof leben neben der Familie Schneckberger auch der Hund Stupsi, die Katze Struppi sowie Esel Mimi mit ihren langen, weichen Ohren, dem wolligen Fell und den grossen schwarzen Kulleraugen. Die kleine Eselin erlebt zum ersten Mal die Weihnachtszeit, sie ist neugierig und aufgeregt zugleich: Ob sie das Christkind sehen wird? Endlich ist der Weihnachtsabend da und Mimi wartet draussen auf der Koppel. Als sich die Familie auf dem Hof zum Singen versammelt, hört Mimi ein leises Klingeln, wie von silbernen Glöckchen. Sie schliesst die Augen, und folgt den Spuren im Schnee und dem feinen Duft nach Zimt und Vanille. In Mamas Box wartet tatsächlich ein Geschenk auf sie! Die warmherzige Geschichte bettet sich in die niedlichen Illustrationen von J. Gerigk ein, die ihre Figuren auf doppelseitigen Bildern lebendig werden lässt. Schon das Cover mit Eselchen Mimi und den glitzernden Bäumen wird die Kleinen ansprechen. Gern als Vorlesebuch für lange Winterabende! Ab 3</marc:subfield>
   </marc:datafield>
   <marc:datafield ind1=" " ind2=" " tag="020">
      <marc:subfield code="a">9783707422993</marc:subfield>
      <marc:subfield code="9">9783707422993</marc:subfield>
   </marc:datafield>
</marc:record>
